书目信息 |
| 题名: |
可编程逻辑控制器
|
|
| 作者: | 默里斯, 著 ;杨智 , 王琅 , 朱海锋 译 | |
| 分册: | ||
| 出版信息: | 北京 机械工业出版社 2006.05 |
|
| 页数: | 552页 | |
| 开本: | 26cm | |
| 丛书名: | 计算机科学丛书 | |
| 单 册: | ||
| 中图分类: | TM571.6 | |
| 科图分类: | ||
| 主题词: | 可编程序控制器--ke bian cheng xu kong zhi qi | |
| 电子资源: | ||
| ISBN: | 7-111-18427-0 | |
| 000 | 01279nam 2200289 450 | |
| 001 | 012006379512 | |
| 005 | 20061018153254.56 | |
| 010 | @a7-111-18427-0@dCNY66.00 | |
| 100 | @a20060921d2006 km y0chiy0120 ea | |
| 101 | 1 | @achi@ceng |
| 102 | @aCN@b110000 | |
| 105 | @aa z 000yy | |
| 200 | 1 | @a可编程逻辑控制器@Ake bian cheng luo ji kong zhi qi@d= Programmable logic controllers@f(美) 默里斯 (Morriss, S. B.) 著@F(mei)mo li si(Morriss,S.B.)zhu@g杨智, 王琅, 朱海锋译@Gyang zhi,wang lang,zhu hai feng yi@zeng |
| 210 | @a北京@c机械工业出版社@d2006.05 | |
| 215 | @a552页@c图@d26cm | |
| 225 | 2 | @a计算机科学丛书@Aji suan ji ke xue cong shu |
| 330 | @a本书系统、完整地阐述了可编程控制器的系统构成与工作原理,内容包括:PLC的组成与原理、软件操作指令与数据处理、存储器的组织与数据操作、编程语言与程序设计、PLC的安装与配置、中断、过程控制、通信、PLC应用、故障检测及PLC的未来。 | |
| 410 | 0 | @12001 @a计算机科学丛书 |
| 510 | 1 | @aProgrammable logic controllers@zeng |
| 606 | 0 | @a可编程序控制器@Ake bian cheng xu kong zhi qi |
| 690 | @aTM571.6@v4 | |
| 701 | 1 | @a默里斯,@Amo li si,@bS. B.@g(Morriss, S. B.)@4著 |
| 702 | 0 | @a杨智@Ayang zhi@4译 |
| 702 | 0 | @a王琅@Awang lang@4译 |
| 702 | 0 | @a朱海锋@Azhu hai feng@4译 |
| 801 | 0 | @aCN@c20061018 |
| 905 | @a10447@dTM571.6@eM908 | |
| 可编程逻辑控制器= Programmable logic controllers/(美) 默里斯 (Morriss, S. B.) 著/杨智, 王琅, 朱海锋译.-北京:机械工业出版社,2006.05 |
| 552页:图;26cm.-(计算机科学丛书) |
| ISBN 7-111-18427-0:CNY66.00 |
| 本书系统、完整地阐述了可编程控制器的系统构成与工作原理,内容包括:PLC的组成与原理、软件操作指令与数据处理、存储器的组织与数据操作、编程语言与程序设计、PLC的安装与配置、中断、过程控制、通信、PLC应用、故障检测及PLC的未来。 |
| ● |
| 相关链接 |
|
|
|
正题名:可编程逻辑控制器
索取号:TM571.6/M908
 
预约/预借
| 序号 | 登录号 | 条形码 | 馆藏地/架位号 | 状态 | 备注 |
| 1 | 222576 | 202225760 | 自科库301/301自科库 13排3列3层/ [索取号:TM571.6/M908] | 在馆 | |
| 2 | 222577 | 202225779 | 自科库301/301自科库 13排3列3层/ [索取号:TM571.6/M908] | 在馆 |